000 01531naa a22003497a 4500
001 BR8401359
003 BR-BrBNA
005 20250721154433.0
007 ta
008 250630b bl.|||m| |||| 00| 0 por d
040 _aBR-BrBNA
_bpor
_cBiblioteca Nacional de Agricultura
041 _a(Pt)
072 _aH10
_b0150
_b3575
_b4050
_bG514
090 _aH10 BR8401359
100 1 _aSilveira, S.G.P. da
100 1 _aCuri, S.M.
111 1 _a7. Reuniao Brasileira de Nematologia
_cBrasilia, DF (Brazil)
_d21-25 Feb 1983
245 1 _aIncidencia do nematoide Aphelenchoides besseyi Christie, 1942, em sementes de arroz, no estado de Sao Paulo, em 1981 [Oryza sativa, Brasil]
246 1 _a[Incidence of the nematode Aphelenchoides besseyi Christie, 1942, in rice seeds, in the State of Sao Paulo, in 1981 [Oryza sativa, Brazil]]
246 1 _a[Works submitted to the 7. Brazilian Meeting on Nematology]
500 _aTrabalhos apresentados a 7. Reuniao Brasileira de Nematologia Piracicaba, SP (Brasil): 1983. p. 91-97 [10 ref.; Summaries (En, Pt)] (BR8401359-AMS)
773 0 _tTrabalhos apresentados a 7. Reuniao Brasileira de Nematologia
_wH10 BR8401359
_gPiracicaba, SP (Brasil), 1983. p. 91-97
650 _aARROZ
650 _aSEMENTE
650 _aNEMATOIDE
650 _aINFESTACAO
650 _aFLUTUACAO POPULACIONAL
650 _aSAO PAULO
490 _aPublicacao - Sociedade Brasileira de Nematologia (Brazil)
_vno. 7
_xISSN 0101-7020
942 _cAMS
_2AGRIS
909 _a202506
_bLúcia
_c55
_dLúcia Elande
999 _c334760
_d334760